00804nam a2200229 a 4500999001500000001000600015003000900021005001700030008004100047040003800088082002400126245006900150260007200219300002200291362001200313505001100325546002500336650002100361710005400382942001200436952012600448 c1400d140010983BD-DhUAP20210120152405.0200206s2007 bg l f001 0 eng d aBD-DhUAPcBD-DhUAPdBD-DhUAPbEng00a348.5492022 BAN22314aThe Bangladesh code :bact No. XXI of 1836 to act No. I of 1872. aDhaka :bMinistry of Law, Justice and Parliamentary Affairs,c2007. avolumes ;c24 cm.0 aVol. IX aV. 1-- aEnglish and Bengali. 0aLawzBangladesh. aGovernment of the peoples republic of Bangladesh. 2ddccBK 00102ddc4070aUAPCLbUAPCLcGeneral Stacksd2020-02-06o348.5492022 BAN V-1p3010010983r2020-02-06t1w2020-02-06yBK